| 000 | 00416nam a2200145Ia 4500 | ||
|---|---|---|---|
| 999 |
_c19015 _d19015 |
||
| 082 | _aRR 323.03 REG- | ||
| 245 | 0 | _aRegional instruments of human rights | |
| 260 |
_aNew Delhi _bDiscovery Publishing _c2001 |
||
| 300 | _aix, 417 | ||
| 440 | _aInternational encyclopaedia of Human rights; 2 | ||
| 650 | _aEncyclopedias and dictionaries | ||
| 650 | _aHuman rights | ||
| 700 | _aRao, Digumarti Bhaskara | ||
| 942 | _cBK | ||